| 000 | 00000nam 2200000zi 4500 |
| 001 | 9.938453 |
| 003 | CaOODSP |
| 005 | 20250122145437 |
| 006 | m o d f |
| 007 | cr mn||||||||| |
| 008 | 240521e202405##quca o f000 0 fre d |
| 020 | |a9780660720319 |
| 040 | |aCaOODSP|bfre|erda|cCaOODSP |
| 043 | |an-cn-ab |
| 086 | 1 |aEn4-402/1-2024F-PDF |
| 245 | 00|aGuide sur l'utilisation de crédits compensatoires pour les émissions de l'Alberta admissibles à titre d'unités reconnues aux fins de compensation dans le cadre du STFR fédéral. |
| 250 | |a[Édition 2024]. |
| 264 | 1|aGatineau (Québec) : |bEnvironnement et changement climatique Canada = Environment and Climate Change Canada, |cmai 2024. |
| 264 | 4|c©2024 |
| 300 | |a1 ressource en ligne (10 pages) : |billustration en couleur |
| 336 | |atexte|btxt|2rdacontent/fre |
| 337 | |ainformatique|bc|2rdamedia/fre |
| 338 | |aressource en ligne|bcr|2rdacarrier/fre |
| 500 | |aPublié aussi en anglais sous le titre : Guidance on using eligible Alberta emission offsets as recognized units for compensation under the federal OBPS. |
| 500 | |a« EC24060 » -- Verso de la couverture. |
| 500 | |a« May 2024 » -- En-tête des pages 1-10. |
| 650 | 6|aÉchange de droits d'émission (Environnement)|zAlberta. |
| 650 | 6|aCompensation des émissions de carbone|zAlberta. |
| 650 | 6|aGaz à effet de serre|xRéduction|zAlberta. |
| 710 | 1 |aCanada. |bEnvironnement et changement climatique Canada, |eorganisme de publication. |
| 775 | 08|tGuidance on using eligible Alberta emission offsets as recognized units for compensation under the federal OBPS.|w(CaOODSP)9.938452 |
| 795 | |tGuide sur l'utilisation de crédits compensatoires pour les émissions de l'Alberta admissibles à titre d'unités reconnues aux fins de compensation dans le cadre du STFR fédéral.|b(2020)|w(CaOODSP)9.889416 |
| 856 | 40|qPDF|s905 Ko|uhttps://publications.gc.ca/collections/collection_2025/eccc/en4/En4-402-1-2024-fra.pdf |
| 986 | |aEC24060 |